Car Models by Picture #19 - Statistics

General Stats
  • This quiz has been taken 90 times
  • The average score is 5 of 12
Answer Stats
Picture Hint Answer % Correct
Ferrari Enzo
82%
Acura NSX
73%
Opel Astra
62%
Rimac Nevera
59%
BMW Isetta
51%
Volkswagen Touareg
48%
Pontiac Aztek
36%
Plymouth Prowler
25%
AMC Pacer
23%
Buick Regal
21%
Alfa Romeo 164
12%
Bentley Turbo R
12%
No matching quizzes found
Score Distribution
Percent of People with Each Score
Percentile by Number Answered
Your Score History
You have not taken this quiz